Cause and effect (Record no. 75426)
[ view plain ]
| 000 -LEADER | |
|---|---|
| fixed length control field | 00908cab a2200229 4500 |
| 001 - CONTROL NUMBER | |
| control field | L130058 |
| 008 - FIXED-LENGTH DATA ELEMENTS--GENERAL INFORMATION | |
| fixed length control field | 050620n2005 000 0 eng u |
| 035 ## - SYSTEM CONTROL NUMBER | |
| System control number | (Sirsi) u130058 |
| 041 ## - LANGUAGE CODE | |
| Language code of text/sound track or separate title | eng |
| 100 ## - MAIN ENTRY--PERSONAL NAME | |
| Personal name | Murdoch, John |
| 245 ## - TITLE STATEMENT | |
| Title | Cause and effect |
| 260 ## - PUBLICATION, DISTRIBUTION, ETC. | |
| Date of publication, distribution, etc. | 2005 |
| 490 ## - SERIES STATEMENT | |
| Series statement | Estates Gazette |
| Volume/sequential designation | (0523) 11 June 2005, 139(1) |
| 520 ## - SUMMARY, ETC. | |
| Summary, etc. | Discusses the issue of agent's commission in relation to case law. Agent's commission is usually based the effective cause principle where the sale has been effected by an agent. Argues that careful drafting of business terms may secure commission without this. |
| 590 ## - LOCAL NOTE (RLIN) | |
| Local note | IKA130058 |
| 650 ## - SUBJECT ADDED ENTRY--TOPICAL TERM | |
| Topical term or geographic name entry element | BERNARD THORPE AND PARTNERS V SNOOK |
| 650 ## - SUBJECT ADDED ENTRY--TOPICAL TERM | |
| Topical term or geographic name entry element | BARNARD MARCUS AND CO V ASHRAF |
| 650 ## - SUBJECT ADDED ENTRY--TOPICAL TERM | |
| Topical term or geographic name entry element | BRIAN COOPER AND CO V FAIRVIEW ESTATES (INVESTMENTS) LTD |
| 650 ## - SUBJECT ADDED ENTRY--TOPICAL TERM | |
| Topical term or geographic name entry element | FAVERMEAD LTD V FPD SAVILLS LTD |
| 690 ## - LOCAL SUBJECT ADDED ENTRY--TOPICAL TERM (OCLC, RLIN) | |
| Topical term or geographic name as entry element | PROPERTY-PROPERTY AGENCY |
| 942 ## - ADDED ENTRY ELEMENTS (KOHA) | |
| Suppress in OPAC | 0 |
| Withdrawn status | Lost status | Source of classification or shelving scheme | Damaged status | Not for loan | Home library | Current library | Shelving location | Date acquired | Total Checkouts | Full call number | Barcode | Date last seen | Copy number | Price effective from | Koha item type |
|---|---|---|---|---|---|---|---|---|---|---|---|---|---|---|---|
| Dewey Decimal Classification | London | London | Journal article | 20/06/2005 | L130058 | 130058-1001 | 06/08/2019 | 1 | 06/08/2019 | Journal article |